<?xml version="1.0" encoding="UTF-8"?>
<record
    xmlns:xsi="http://www.w3.org/2001/XMLSchema-instance"
    xsi:schemaLocation="http://www.loc.gov/MARC21/slim http://www.loc.gov/standards/marcxml/schema/MARC21slim.xsd"
    xmlns="http://www.loc.gov/MARC21/slim">

  <leader>02058cam a22002654a 4500</leader>
  <datafield tag="020" ind1=" " ind2=" ">
    <subfield code="a">9780702034077 (pbk.)</subfield>
  </datafield>
  <datafield tag="082" ind1="0" ind2="0">
    <subfield code="a">616.07661 DAC</subfield>
  </datafield>
  <datafield tag="245" ind1="0" ind2="0">
    <subfield code="a">Dacie and Lewis practical haematology /</subfield>
  </datafield>
  <datafield tag="250" ind1=" " ind2=" ">
    <subfield code="a">11th ed.</subfield>
  </datafield>
  <datafield tag="260" ind1=" " ind2=" ">
    <subfield code="a">Philadelphia :</subfield>
    <subfield code="b">Churchill Livingstone/Elsevier,</subfield>
    <subfield code="c">c2006.</subfield>
  </datafield>
  <datafield tag="300" ind1=" " ind2=" ">
    <subfield code="a">xiii, 653 p. :</subfield>
    <subfield code="b">col. ill. ;</subfield>
  </datafield>
  <datafield tag="500" ind1=" " ind2=" ">
    <subfield code="a">Rev. ed. of: Practical haematology / Sir John V. Dacie, S.M. Lewis. 8th ed. 1995.</subfield>
  </datafield>
  <datafield tag="505" ind1="0" ind2=" ">
    <subfield code="a">Collection and handling of blood -- Reference ranges and normal values -- Basic haematological techniques -- Preparation and staining methods for blood and bone marrow films -- Blood cell morphology in health and disease -- Bone marrow biopsy -- Iron deficiency anaemia and iron overload -- Investigation of megaloblastic anaemia-cobalamin, folate, and metabolite status -- Laboratory methods used in the investigation of the haemolytic anaemias -- Investigation of the hereditary haemolytic anaemias: membrane and enzyme abnormalities -- Acquired haemolytic anaemias -- Investigation of abnormal haemoglobins and thalassaemia -- Erythrocyte and leucocyte cytochemistry -- Immunophenotyping -- Diagnostic radioisotopes in haematology -- Investigation of haemostasis -- Investigation of a thrombotic tendency -- Laboratory control of anticoagulant, thrombolytic, and antiplatelet therapy -- Blood cell antigens and antibodies: erythrocytes, platelets, and granulocytes -- Laboratory aspects of blood transfusion -- Molecular and cytogenetic analysis -- Miscellaneous tests -- Approach to the diagnosis and classification of blood diseases -- Laboratory organization and management -- Laboratory safety -- Quality assurance -- Haematology in under-resourced laboratories -- Appendices.</subfield>
  </datafield>
  <datafield tag="650" ind1=" " ind2="0">
    <subfield code="a">Blood</subfield>
  </datafield>
  <datafield tag="650" ind1=" " ind2="0">
    <subfield code="a">Hematology</subfield>
  </datafield>
  <datafield tag="650" ind1="1" ind2="2">
    <subfield code="a">Hematologic Diseases</subfield>
  </datafield>
  <datafield tag="650" ind1="1" ind2="2">
    <subfield code="a">Hematologic Tests.</subfield>
  </datafield>
  <datafield tag="650" ind1="2" ind2="2">
    <subfield code="a">Blood.</subfield>
  </datafield>
  <datafield tag="650" ind1="2" ind2="2">
    <subfield code="a">Laboratory Techniques and Procedures.</subfield>
  </datafield>
  <datafield tag="700" ind1="1" ind2=" ">
    <subfield code="a">Laffan,Mike</subfield>
  </datafield>
  <datafield tag="700" ind1="1" ind2=" ">
    <subfield code="a">Bain, Barbara J.</subfield>
  </datafield>
  <datafield tag="700" ind1="1" ind2=" ">
    <subfield code="a">Bates, Imelda.</subfield>
  </datafield>
  <datafield tag="700" ind1="1" ind2=" ">
    <subfield code="a">Lewis,Mitchell.S</subfield>
  </datafield>
  <datafield tag="942" ind1=" " ind2=" ">
    <subfield code="c">REF</subfield>
  </datafield>
  <datafield tag="999" ind1=" " ind2=" ">
    <subfield code="c">2238</subfield>
    <subfield code="d">2238</subfield>
  </datafield>
  <datafield tag="952" ind1=" " ind2=" ">
    <subfield code="0">0</subfield>
    <subfield code="1">0</subfield>
    <subfield code="7">0</subfield>
    <subfield code="8">NFIC</subfield>
    <subfield code="a">IC</subfield>
    <subfield code="b">IC</subfield>
    <subfield code="c">GEN</subfield>
    <subfield code="d">2015-09-20</subfield>
    <subfield code="g">5287.70</subfield>
    <subfield code="l">0</subfield>
    <subfield code="o">616.07661 DAC</subfield>
    <subfield code="p">006950</subfield>
    <subfield code="r">2015-09-20 00:00:00</subfield>
    <subfield code="w">2015-09-20</subfield>
    <subfield code="y">REF</subfield>
  </datafield>
</record>
